01242nam a2200265 a 4500003000900000005001700009007000300026008004100029020001700070040002500087082002100112110003200133240002700165245018600192260005400378300002000432500005000452590002700502910001400529942001400543952013000557952013600687952013600823999001700959DO-SdBNP20221205141342.0ta090715s2018 dr 001 0 spa d a978993444855 aDO-SdBNPbspacBNPHU axxxbR426l, 20081 aRepública Dominicana944710aDecretos y reglamentos10aDec 01-18 reglamento para la aplicación del titulo IV del Impuesto Selectivo al Consumo (ISC), del código tributario de la RD. :b Norma DGII 06-18 sobre comprobantes fiscales / a[Moca, República Dominicana] :bDalis,c[2018.] a60 p. ;c22 cm. aNorma DGII 06-18 sobre comprobantes fiscales. aInventariado, 2022/ YL aYLockward 2ddccLBS1 00102ddc51708PDaBNPHUbBNPHUcCTd2018-05-12eEditora Dalisl0oxxx R426l, 2008p2022-5897r2022-12-05w2022-12-05yLBS1 00102ddc51708PDaBNPHUbBNPHUcCTd2018-05-12eEditora Dalisl0oxxx R426l, 2008p2022-5898r2022-12-05te. 2w2022-12-05yLBS1 00102ddc56708DSaBNPHUbBNPHUcCTd2018-05-12eEditora Dalisl0oxxx R426l, 2008p2022-5899r2022-12-05te. 3w2022-12-05yLBS1 c53070d53070